Landen die vaakst deelnamen aan Eurovisie - Statistieken

Algemene statistieken
  • Deze quiz is 162 keer genomen
    33 sinds de laatste reset
  • De gemiddelde score is 22 van 25
Antwoordstatistieken
Dlnms Land % Correct
58 Finland
100%
66 Frankrijk
100%
49 Italië
100%
65 Nederland
100%
63 Noorwegen
100%
64 Zweden
100%
66 België
96%
67 Duitsland
96%
45 Griekenland
96%
66 Verenigd Koninkrijk
96%
57 Oostenrijk
93%
56 Portugal
93%
64 Spanje
93%
64 Zwitserland
93%
34 Turkije
89%
39 Luxemburg
85%
30 Estland
81%
58 Ierland
81%
37 Malta
81%
37 IJsland
78%
30 Kroatië
78%
53 Denemarken
74%
47 Israël
74%
41 Cyprus
70%
30 Slovenië
70%
Geen overeenkomende quizzen gevonden
Scoreverdeling
Procent van Mensen met Elke Score
Percentiel versus Aantal Correcte Antwoorden
Uw Scoregeschiedenis
U heeft deze quiz nog niet genomen sinds de laatste reset